| 000 | 01381cad a22002775a 4500 | ||
|---|---|---|---|
| 001 | E159242 | ||
| 008 | 101115s2016 xxk f 000 0 eng d | ||
| 020 | _a9781783211371 | ||
| 035 | _a(Sirsi) u159242 | ||
| 041 | 0 | _aeng | |
| 050 | 0 | 4 | _a346.410435 $2 18 |
| 110 | 2 |
_aRoyal Institution of Chartered Surveyors _94900 |
|
| 245 | 0 | 0 |
_aRights of light _h[electronic resource] |
| 250 | _a2nd edition | ||
| 260 |
_aLondon _bRICS _c2016 |
||
| 490 | 0 | _aRICS Guidance Note | |
| 520 | _aDeals with easements known as rights of light and outlines current best practice for surveyors in this field. A right of light as an easement requires various factors to be in in order to create or trigger the formation of the legal right. Due to the legal nature of rights of light, practitioners often work closely with specialist legal advisers. Effective from 1st July 2016. | ||
| 520 | _aSupersedes 1st edition (ISBN 9781842196281). | ||
| 520 | _aSuperseded from 1 June 2024 by 3rd edition ISBN 9781783215140 | ||
| 590 | _aKA | ||
| 651 | 4 | _aEngland and Wales | |
| 690 | _aPROPERTY-PROPERTY MANAGEMENT-EASEMENTS-RIGHTS TO LIGHT DETERMINATION-RIGHTS TO LIGHT | ||
| 690 |
_aRights of light _96267 |
||
| 856 | 4 | 1 |
_uhttps://www.rics.org/profession-standards/rics-standards-and-guidance/sector-standards/building-surveying-standards/rights-of-light _zAvailable on RICS.org |
| 942 |
_n0 _2ddc |
||
| 999 |
_c115759 _d115759 |
||